书目信息 |
| 题名: |
粉末冶金原理
|
|
| 作者: | Федорченко , 费多尔钦科 著 ;北京钢铁学院粉末冶金教研室 译 | |
| 分册: | ||
| 出版信息: | 北京 冶金工业出版社 1974 |
|
| 页数: | 425页 | |
| 开本: | 20cm | |
| 丛书名: | ||
| 单 册: | ||
| 中图分类: | TF121 | |
| 科图分类: | ||
| 主题词: | 粉末冶金 | |
| 电子资源: | ||
| ISBN: | ||
| 000 | 00966nam0 2200265 45 | |
| 001 | 0178001488 | |
| 005 | 20061126152023.90 | |
| 010 | @dCNY1.65 | |
| 091 | @aCN@b15062.3095 | |
| 100 | @a19950731e19781974em y0chiy0121 ea | |
| 101 | 1 | @achi@crus |
| 102 | @aCN@b110000 | |
| 105 | @ay z 000yy | |
| 200 | 10 | @a粉末冶金原理@Afen mo ye jin yuan li@f(苏)费多尔钦科(И.М.Федорченко)等著@g北京钢铁学院粉末冶金教研室译 |
| 210 | @a北京@c冶金工业出版社@d1974@h1978重印 | |
| 215 | @a425页@d20cm | |
| 300 | @a书名原文:Основы порощковой металлургии | |
| 510 | 1 | @aОсновы порощковой металлургии@zrus |
| 606 | @a粉末冶金 | |
| 690 | @aTF121@v3 | |
| 701 | A1 | @aФедорченко@bИ.М.@4著 |
| 701 | 1 | @a费多尔钦科@Afei duo er qin ke@bИ.М.@4著 |
| 712 | 02 | @a北京钢铁学院粉末冶金教研室@Abei jing gang tie xue yuan fen mo ye jin jiao yan shi@4译 |
| 801 | 0 | @aCN@bTSSF@c20061126 |
| 905 | @a10447@dTF121@e2 | |
| 粉末冶金原理/(苏)费多尔钦科(И.М.Федорченко)等著/北京钢铁学院粉末冶金教研室译.-北京:冶金工业出版社,1974(1978重印) |
| 425页;20cm |
| 书名原文:Основы порощковой металлургии |
| ISBN :CNY1.65 |
| ● |
| 相关链接 |
|
|
|
|
正题名:粉末冶金原理
索取号:TF121/2
 
预约/预借
| 序号 | 登录号 | 条形码 | 馆藏地/架位号 | 状态 | 备注 |
| 1 | 0017700 | 001362135 | 第二样本阅览室/ [索取号:TF121/2] | 在馆 |